| 000 | 00542nam a2200169 a 4500 | ||
|---|---|---|---|
| 001 | 000035267 | ||
| 005 | 20200930074222.0 | ||
| 008 | 111027s2004 ag 000 0 spa d | ||
| 040 |
_aDO-SdBNP _bspa _cBNPHU |
||
| 100 | 1 |
_aBasch, Víctor _961026 |
|
| 245 | 1 | 0 |
_aSchumann / _cVíctor Basch ; traducción de Francisco Courolles. |
| 260 |
_aBuenos Aires : _bTor-S.R.L., _c[19uu]? |
||
| 300 |
_a188 p. ; _c18 cm. |
||
| 490 | 1 | _aLos maestros de la música | |
| 700 | 1 | 2 |
_aCourolles, Francisco _etr. _961027 |
| 830 | 0 |
_aLos maestros de la música _961028 |
|
| 999 |
_c34758 _d34758 |
||